[Event "GRE-chT 46th"]
[White "Kontopanagos, Ioannis"]
[Black "Gkikas, Ioannis"]
[Site "Rio Achaia"]
[Round "4.7"]
[Result "0-1"]
[Date "2018.07.12"]
[WhiteElo "1440"]
[BlackElo "1553"]
[PlyCount "98"]
[EventDate "2018.07.10"]
[EventType "team"]
[EventRounds "7"]
[EventCountry "GRE"]
[SourceTitle "CBM 185 Extra"]
[Source "ChessBase"]
[SourceDate "2018.07.29"]
[SourceVersion "1"]
[SourceVersionDate "2018.07.29"]
[SourceQuality "1"]
[WhiteTeam "Portrait"]
[BlackTeam "Heraklion Contact"]
[WhiteTeamCountry "GRE"]
[BlackTeamCountry "GRE"]

1. d4 Nf6 2. c4 e6 3. Nc3 Bb4 4. e3 b6 5. Nge2 Ba6 6. a3 Bxc3+ 7. Nxc3 0-0 8. Bd3 Nc6 9. b4 Bb7 10. 0-0 d5 11. cxd5 Nxd5 12. Bb2 Qg5 13. Ne4 Qh6 14. Nd2 Nxe3 15. Bxh7+ Kxh7 16. fxe3 Qxe3+ 17. Kh1 Ne7 18. Nf3 Kg8 19. Qc2 Rac8 20. Bc1 Qe4 21. Qf2 Nf5 22. Ra2 Qg4 23. Rd2 Bxf3 24. gxf3 Qh4 25. Qg1 Rfd8 26. Rg2 Qxd4 27. Rff2 e5 28. Bb2 Qd5 29. Rg5 Qe6 30. Rfg2 f6 31. Rh5 Rd7 32. Qb1 Rcd8 33. Rg1 Rd3 34. Qf1 Kf7 35. Qg2 g5 36. Bc1 Rd1 37. Bb2 Ne3 38. Qe2 Rxg1+ 39. Kxg1 Qb3 40. h3 Qd1+ 41. Qxd1 Nxd1 42. Rh7+ Kg6 43. Rxc7 Nxb2 44. Rxa7 Rd3 45. Kg2 Nc4 46. a4 Rb3 47. b5 Rb2+ 48. Kg1 Kf5 49. Rc7 Rb4 0-1

[Event "GRE-chT 46th"]
[White "Kalogeris, Ioannis"]
[Black "Kontopanagos, Ioannis"]
[Site "Rio Achaia"]
[Round "2.3"]
[Result "1-0"]
[Date "2018.07.11"]
[WhiteElo "2339"]
[BlackElo "1440"]
[PlyCount "75"]
[EventDate "2018.07.10"]
[EventType "team"]
[EventRounds "7"]
[EventCountry "GRE"]
[SourceTitle "CBM 185 Extra"]
[Source "ChessBase"]
[SourceDate "2018.07.29"]
[SourceVersion "1"]
[SourceVersionDate "2018.07.29"]
[SourceQuality "1"]
[WhiteTeam "Thessaloniki"]
[BlackTeam "Portrait"]
[WhiteTeamCountry "GRE"]
[BlackTeamCountry "GRE"]

1. e4 c5 2. Nf3 d6 3. g3 Nf6 4. Nc3 e6 5. Bg2 Be7 6. 0-0 0-0 7. d4 cxd4 8. Nxd4 a6 9. a4 Qc7 10. a5 Bd7 11. Be3 Bc6 12. Qe2 Nbd7 13. f4 Rfd8 14. Nxc6 bxc6 15. Na4 c5 16. Bd2 Ra7 17. Rae1 Ne8 18. Bc3 Bf8 19. f5 exf5 20. exf5 Ndf6 21. Nb6 Rb8 22. b3 Qd8 23. Bc6 Nc7 24. Kg2 Nfe8 25. Nd7 Rc8 26. f6 Ne6 27. Nxf8 Kxf8 28. fxg7+ N8xg7 29. Bd5 Kg8 30. Rf6 Qe8 31. Qd3 Re7 32. Rh6 Nf8 33. Rf1 Rcc7 34. Rxd6 Re2+ 35. Kh1 Rce7 36. Rdf6 R2e3 37. Rxf7 Rxf7 38. Rxf7 1-0

[Event "GRE-chT 46th"]
[White "Kontopanagos, Ioannis"]
[Black "Klampatseas, Hristos"]
[Site "Rio Achaia"]
[Round "1.12"]
[Result "1/2-1/2"]
[Date "2018.07.10"]
[WhiteElo "1440"]
[BlackElo "1440"]
[PlyCount "94"]
[EventDate "2018.07.10"]
[EventType "team"]
[EventRounds "7"]
[EventCountry "GRE"]
[SourceTitle "CBM 185 Extra"]
[Source "ChessBase"]
[SourceDate "2018.07.29"]
[SourceVersion "1"]
[SourceVersionDate "2018.07.29"]
[SourceQuality "1"]
[WhiteTeam "Portrait"]
[BlackTeam "Kalamata Poseidon"]
[WhiteTeamCountry "GRE"]
[BlackTeamCountry "GRE"]

1. d4 Nf6 2. c4 e6 3. Nc3 Bb4 4. e3 0-0 5. Nge2 d5 6. a3 Be7 7. Ng3 c6 8. Be2 a5 9. 0-0 Na6 10. c5 b6 11. cxb6 Qxb6 12. Na4 Qc7 13. Qc2 Bd7 14. Bd2 c5 15. Bxa6 Bxa4 16. Qxa4 Rxa6 17. dxc5 Qxc5 18. Rfc1 Qb6 19. Bc3 h6 20. Bd4 Qb7 21. Rc2 Rc8 22. Rac1 Rxc2 23. Rxc2 Kh7 24. Be5 Bd6 25. Bxd6 Rxd6 26. Qxa5 Rb6 27. Qc3 Rb3 28. Qd2 Nd7 29. f4 Nb6 30. Rc3 Rxc3 31. Qxc3 Nc4 32. b4 Qa7 33. Kf2 Qxa3 34. Qxa3 Nxa3 35. Ne2 Kg6 36. Nd4 Kf6 37. g4 Ke7 38. h4 f6 39. Kf3 Kd7 40. e4 Kd6 41. g5 hxg5 42. hxg5 fxg5 43. fxg5 g6 44. exd5 Kxd5 45. Ne2 e5 46. Nc3+ Kd4 47. Ne2+ Kd3 1/2-1/2

[Event "Petroupoli ASOP Dias Seniors op"]
[White "Karagiannis, Georgios"]
[Black "Kontopanagos, Ioannis"]
[Site "Petroupoli"]
[Round "3.13"]
[Result "1-0"]
[Date "2013.10.12"]
[WhiteElo "1465"]
[BlackElo "1252"]
[PlyCount "61"]
[EventDate "2013.09.28"]
[EventType "swiss"]
[EventRounds "7"]
[EventCountry "GRE"]
[SourceTitle "EXT 2024"]
[Source "ChessBase"]
[SourceDate "2023.10.10"]
[SourceVersion "1"]
[SourceVersionDate "2023.10.10"]
[SourceQuality "1"]

1. e4 c5 2. Nf3 d6 3. Bb5+ Nc6 4. 0-0 Bd7 5. Re1 e6 6. c3 Be7 7. d4 Qb6 8. Ba4 Nf6 9. d5 exd5 10. exd5 Nb8 11. Qe2 Qd8 12. Bb3 a6 13. Bg5 Kf8 14. Nbd2 Bb5 15. c4 Bd7 16. Bc2 Bg4 17. h3 Bh5 18. Qe3 Qd7 19. Bf5 Qd8 20. Re2 Ng8 21. Bxe7+ Nxe7 22. Rae1 Bxf3 23. Nxf3 g6 24. Qxe7+ Qxe7 25. Rxe7 gxf5 26. Rxb7 a5 27. Ree7 f6 28. Rf7+ Ke8 29. Rxf6 Ra6 30. Rxb8+ Ke7 31. Re6+ 1-0

[Event "Petroupoli op 5th"]
[White "Katopodis, Dimitrios"]
[Black "Kontopanagos, Ioannis"]
[Site "Petroupoli"]
[Round "3"]
[Result "1-0"]
[Date "2012.09.15"]
[WhiteElo "1577"]
[BlackElo "1233"]
[PlyCount "53"]
[EventDate "2012.09.08"]
[EventType "swiss"]
[EventRounds "7"]
[EventCountry "GRE"]
[SourceTitle "CBM 150 Extra"]
[Source "ChessBase"]
[SourceDate "2012.10.19"]
[SourceVersion "1"]
[SourceVersionDate "2012.10.19"]
[SourceQuality "1"]

1. e4 c5 2. Nf3 d6 3. Bb5+ Nc6 4. 0-0 e6 5. Re1 Be7 6. c3 Bd7 7. d4 cxd4 8. cxd4 a6 9. Ba4 b5 10. Bb3 e5 11. dxe5 dxe5 12. Qd5 Qc7 13. Qxf7+ Kd8 14. Qxg7 Bf6 15. Qf8+ Be8 16. Bg5 Bxg5 17. Nxg5 Nd4 18. Nf7+ Kd7 19. Nxh8 Ne7 20. Qh6 Kc8 21. Nc3 Kb7 22. Nd5 Nxd5 23. Bxd5+ Nc6 24. Rac1 Rc8 25. Re2 Bd7 26. Nf7 Kb6 27. Qe3+ 1-0

[Event "Petroupoli op 5th"]
[White "Kontopanagos, Ioannis"]
[Black "Pavlis, Antonios"]
[Site "Petroupoli"]
[Round "2"]
[Result "0-1"]
[Date "2012.09.12"]
[WhiteElo "1233"]
[BlackElo "1786"]
[PlyCount "54"]
[EventDate "2012.09.08"]
[EventType "swiss"]
[EventRounds "7"]
[EventCountry "GRE"]
[SourceTitle "CBM 150 Extra"]
[Source "ChessBase"]
[SourceDate "2012.10.19"]
[SourceVersion "1"]
[SourceVersionDate "2012.10.19"]
[SourceQuality "1"]

1. e4 a6 2. d4 b5 3. Nf3 Bb7 4. Nbd2 e6 5. b3 Nf6 6. e5 Nd5 7. c4 Nb6 8. cxb5 c5 9. bxc6 Nxc6 10. Bb2 Bb4 11. a3 Be7 12. Bd3 0-0 13. 0-0 Nd5 14. Qc2 Rc8 15. Bxh7+ Kh8 16. Qb1 f6 17. Qg6 Nf4 18. Qb1 fxe5 19. dxe5 d6 20. g3 Ne2+ 21. Kg2 dxe5 22. Bxe5 Nxe5 23. Be4 Nc3 24. Qe1 Nxe4 25. Nxe4 Nxf3 26. Qe2 Bxe4 27. Qxe4 Nd2 0-1